| 000 | 00899nam a2200253Ia 4500 | ||
|---|---|---|---|
| 003 | OSt | ||
| 005 | 20220926012435.0 | ||
| 006 | a|||||r|||| 00| 0 | ||
| 007 | ta | ||
| 008 | 220923b |||||||| |||| 00| 0 eng d | ||
| 020 |
_a9780231145237 _c1186.8099999999999 |
||
| 037 |
_bRKBA\09-10\4653, 19/06/2012, RAJKIRAN BOOK AGENCY _cGeneral Book |
||
| 040 |
_aRTL _cRTL _beng |
||
| 041 |
_2eng _aeng |
||
| 082 | _aY73(Q6):(S:524), P6 | ||
| 100 |
_aSloterdijk Peter _9251911 |
||
| 245 | 0 |
_aRage and time _bA psychopolitical investigation |
|
| 260 |
_aNew York _bColumbia University Press _c2006 |
||
| 300 |
_av,248p. _ccm. |
||
| 490 | _aInsurrections: Critical Studies in Religion, Politicas, and Culture | ||
| 650 | _aSociology | ||
| 942 |
_hY73(Q6):(S:524), P6 _cGB _2CC |
||
| 999 |
_c622994 _d622994 |
||